00425nam a2200121Ia 4500008004100000082001800041100001800059245006200077260003400139365000600173630006200179730006200241100415s9999 xx 000 0 und d b8375a799(60) aPatterson JH aThe Man-Eaters of Tsavo and Other East African Adventures aLONDONc1947bMACMILLAN & CO. b0 aThe Man-Eaters of Tsavo and Other East African Adventures aThe Man-Eaters of Tsavo and Other East African Adventures